| 000 | 00977nam a2200313 a 4500 | ||
|---|---|---|---|
| 001 | vtls000940465 | ||
| 003 | NLI | ||
| 005 | 20210627091235.0 | ||
| 008 | 111102 2009 ii e 000 0 eng d | ||
| 020 |
_a9788189833589 : (pbk) _c275.00 |
||
| 039 | 9 |
_a201111211832 _bezajulh _y201111021642 _zezajulh |
|
| 040 |
_aNLI _beng |
||
| 044 | _aii | ||
| 082 | 0 | 4 |
_a335.430973 _222 |
| 100 | 1 |
_aWoods, Alan, _d1944- _9884983 |
|
| 245 | 1 | 0 |
_aMarxism and the U.S.A. / _cAlan Woods |
| 260 |
_aDelhi : _bAakar Books, _cc2009 |
||
| 300 |
_axiv, 322 p. ; _c21 cm. |
||
| 650 | 0 |
_aCommunism _zUnited States _9699520 |
|
| 650 | 0 |
_aSocialism _zUnited States _9859394 |
|
| 887 | _aE. Haque | ||
| 901 |
_aDB113042 : _b11.08.09 |
||
| 902 | _aE 335.430973 W 861 | ||
| 904 | _aE. Haque | ||
| 949 |
_AVIRTUAITEM _D10000 _X100 _6DBA000113042ENG |
||
| 942 |
_2ddc _cBKS |
||
| 999 |
_aVIRTUA _c763567 _d763567 |
||
| 999 | _aVTLSSORT0080*0200*0400*0440*0820*1000*2450*2600*3000*6500*6501*8520*9010*9020*9040*9992 | ||